000 00622nam a2200181Ia 4500
008 100921s9999 xx 000 0 und d
082 _b36308
_a891.433 0
100 _aपंडित शिवा.
245 _aमौत हसती रही.
260 _bशिवा पॉकेट बुक्स,मेरठ.
_c0
300 _a201
_b---
365 _b15
520 _aललित -हिंदी-कथा,कादं.
630 _aमौत हसती रही.
650 _aललित -हिंदी-कथा,कादं.
730 _aमौत हसती रही.
942 _cBOOK
999 _c785421
_d785418